Detalles MARC
| 000 -LEADER |
| fixed length control field |
01496cam a2200253 a 4500 |
| 001 - CONTROL NUMBER |
| control field |
951079 |
| 003 - CONTROL NUMBER IDENTIFIER |
| control field |
DO-SdBNP |
| 005 - DATE AND TIME OF LATEST TRANSACTION |
| control field |
20180402111123.0 |
| 007 - PHYSICAL DESCRIPTION FIXED FIELD--GENERAL INFORMATION |
| fixed length control field |
951079 |
| 008 - FIXED-LENGTH DATA ELEMENTS--GENERAL INFORMATION |
| fixed length control field |
020930s2015 dr a 000 1 spa |
| 010 ## - LIBRARY OF CONGRESS CONTROL NUMBER |
| LC control number |
|
| 020 ## - INTERNATIONAL STANDARD BOOK NUMBER |
| International Standard Book Number |
9789945897203 |
| 040 ## - CATALOGING SOURCE |
| Original cataloging agency |
BPMSU |
| Transcribing agency |
spa |
| Language of cataloging |
BPMSU |
| 050 00 - LIBRARY OF CONGRESS CALL NUMBER |
| Classification number |
|
| Item number |
|
| 245 00 - TITLE STATEMENT |
| Title |
Concurso de Cuentos Juan Pablo Duarte padre fundador de la República Dominicana / |
| Remainder of title |
|
| 246 3# - VARYING FORM OF TITLE |
| Title proper/short title |
Concurso de Cuentos |
| 260 ## - PUBLICATION, DISTRIBUTION, ETC. (IMPRINT) |
| Place of publication, distribution, etc. |
Santo Domingo : |
| Name of publisher, distributor, etc. |
Instituto Superior de Formación Docente Salomé Ureña |
| Date of publication, distribution, etc. |
2015 |
| 300 ## - PHYSICAL DESCRIPTION |
| Extent |
120 p. : |
| Other physical details |
il. ; |
| Dimensions |
30 cm. |
| 505 0# - FORMATTED CONTENTS NOTE |
| Title |
Presentación -- |
| -- |
Valoración de los miembros del jurado, |
| -- |
Cuentos ganadores del primer, segundo y tercer lugar |
| -- |
Primer lugar : Sorprendido |
| Statement of responsibility |
Jonnathan Sentele Fafa |
| Title |
Segungo lugar : Amante de la libertad por la naturaleza / |
| Statement of responsibility |
José Feliciano cruz Rojas |
| Title |
Tercer lugar : El espaldarazo / |
| Statement of responsibility |
Rayniel Almonte Berihuete -- |
| Title |
Otros cuentos seleccionados ganadores en menciones de honor |
| -- |
Comprometido con la patria / |
| Statement of responsibility |
Ángela M. Adon Cruz |
| Title |
La novia de la libertad / |
| Statement of responsibility |
Mileysis J. Medina R. |
| Title |
Corazón y patria / |
| Statement of responsibility |
Mairenie Ruiz Escaño -- |
| Title |
Duarte es mi vocación / |
| Statement of responsibility |
Yermi Francisca García Aguiló-- |
| Title |
Profecía de un hombre extraordinario / |
| Statement of responsibility |
Dionisio Vólquez Pérez |
| Title |
Longevidad de los sueños / |
| Statement of responsibility |
Eury A. Rodríguez |
| Formatted contents note |
|
| 710 ## - ADDED ENTRY--CORPORATE NAME |
| Corporate name or jurisdiction name as entry element |
Instituto Superior de Formación Docente Salomé Ureña |
| 942 ## - ADDED ENTRY ELEMENTS (KOHA) |
| Source of classification or shelving scheme |
Dewey Decimal Classification |
| Koha item type |
Libros |
| 945 ## - LOCAL PROCESSING INFORMATION (OCLC) |
| a |
inventariado, 2018 / dg |
| 956 ## - LOCAL ELECTRONIC LOCATION AND ACCESS (OCLC) |
| Host name |
VMATEO |
| Access number |
10 |
| Compression information |
20160614 |
| Path |
BPMSU |
| Electronic name |
0069 |